000 00653nam a2200265Ia 4500
005 20260121171718.0
008 008 260114s9999 xx 000 0 eng d
020 _a9783030402938
037 _aEBOOK
040 _aCRL
040 _beng
040 _cCRL
041 _2eng
041 _aeng
084 _qCRL
100 _aFabio Betioli Contel
_91079568
245 4 _aThe Financialization of the Brazilian Territory
260 _bSpringer
260 _bSpringer
260 _c2020
856 _uhttps://link.springer.com/openurl?genre=book&isbn=978-3-030-40293-8
942 _cEBOOK
999 _c1645300
_d1645300